Sports Quiz

Random Sports or Word Ladder Quiz

Sporcle's First Image Laddyrinth! Quiz Stats

 Plays Quiz not verified by Sporcle

Score 0/59 Timer 09:00
0 Plays Today
% Correct
TIGER
83.1%
COINS
71.5%
CORNS
71.5%
WOODS
67.7%
IRONS
66.7%
TIMER
63.6%
CORES
63.1%
LAGER
60.6%
LIGER
59.6%
HOLES
59.3%
SOUTH
57.3%
SLOTH
57.3%
GREEN
52%
COLES
49.7%
SMILE
49%
WAGER
47.7%
ICONS
46.5%
MOONS
42.4%
STOVE
40.2%
WAGES
39.4%
VOTES
39.4%
ROUGH
38.4%
WANES
37.9%
SCOTT
37.1%
STEVE
36.9%
JANES
36.6%
SHOUT
36.4%
SLIME
35.9%
MITES
34.1%
SMITE
32.3%
% Correct
SCOTS
32.1%
MASON
29.5%
WEEDS
29%
SCOUT
29%
SOUGH
28.8%
MITER
27.8%
REGAL
27.3%
SCOTH
27.3%
MOTES
26.5%
JONES
26.3%
JASON
24.2%
GENRE
23.5%
SWEDE
23.5%
COSTS
23.2%
HOLTS
23.2%
WOLDS
21.7%
MOANS
20.7%
WELDS
20.7%
GLARE
20.5%
SLOTS
18.4%
MOORS
17.2%
STEDE
16.4%
GEARE
15.2%
MOORE
14.9%
COOTS
14.9%
JONAS
14.6%
SLITS
14.1%
CLOTS
12.4%
SLIMS
11.9%

You're not logged in!

Compare scores with friends on all Sporcle quizzes.
Join for Free
OR
Log In

You Might Also Like...

Show Comments

Extras

Top Quizzes Today


Score Distribution

Your Account Isn't Verified!

In order to create a playlist on Sporcle, you need to verify the email address you used during registration. Go to your Sporcle Settings to finish the process.

Report this User

Report this user for behavior that violates our Community Guidelines.

Details: